Kubánsky endemit (Byrsotria fumigata) v teráriu

Bibliographic Details
Main Author: Čambal, Štefan (Author)
Format: Article
Language:Slovak
PhysicalDescription:Fotogr.
ISSN:1335-9932
Subjects:

MARC

LEADER 00000nab a2200000 ar4500
001 vtls008998254
003 SK-MaSNL
005 20260303065836.0
008 070612c2007 xo |||||||||||000 b|slo
015 |a SNBRB2007/06  |2 snkbucl 
038 |a SNKBUCL 
040 |a SNKBUCL  |b slo  |c SNKBUCL  |e AACR2 
041 0 |a slo 
044 |a xo  |c SK 
080 |a 636.99:595.722  |2 1997 
100 1 |a Čambal, Štefan  |4 aut  |9 421166 
245 1 0 |a Kubánsky endemit  |b (Byrsotria fumigata) v teráriu  |c Štefan Čambal 
300 |b Fotogr. 
650 0 7 |a teráriové zvieratá  |2 snkbucl  |9 30501 
650 0 7 |a Byrsotria fumigata  |2 snkbucl  |9 1066451 
650 0 7 |a chov hmyzu  |2 snkbucl  |9 74456 
773 0 |t Magazín chovateľa  |g Roč. VI, č. 4 (2007), s. 41-42  |x 1335-9932 
852 |a SNK  |b KIS3GCP 
999 |c 1752965  |d 1754895